[Event "2021 FIDE Online Olympiad"]
[Site "Chess.com"]
[Date "2021.09.04"]
[Round "9"]
[Board "5"]
[White "Venkatesan, Kavin"]
[Black "Wong, Zhenyong Jayden"]
[Result "0-1"]
[WhiteElo "1739"]
[BlackElo "1711"]
[PlyCount "130"]
[EventDate "2021.09.02"]
[EventType "team"]
[EventRounds "9"]
[EventCountry "FID"]
[WhiteTeam "Ireland"]
[BlackTeam "Singapore"]

1. d4  Nf6  2. c4  e6  3. Nc3  d5  4. cxd5  Nxd5  5. e4  Nxc3  6. bxc3  c5  7. Nf3  cxd4  8. cxd4  Bb4+  9. Bd2  Bxd2+  10. Qxd2  O-O  11. Be2  b6  12. O-O  Bb7  13. e5  Nc6  14. Rfd1  Qe7  15. Rac1  Rfd8  16. Qe3  Rac8  17. a3  h6  18. h3  Qd7  19. Kh1  Ne7  20. Rxc8  Rxc8  21. Qb3  Qd5  22. Qd3  Qa5  23. Qd2  Qxa3  24. Kg1  Nd5  25. Re1  Qc3  26. Qxc3  Rxc3  27. Nd2  Rc2  28. Nc4  Ba6  29. Bd3  Rc3  30. Ra1  Bxc4  31. Bxc4  Rxc4  32. Rxa7  Rxd4  33. Rb7  Rd1+  34. Kh2  Re1  35. Kg3  Rxe5  36. f4  Re3+  37. Kf2  Rb3  38. Rb8+  Kh7  39. g3  h5  40. Kg2  h4  41. gxh4  Nxf4+  42. Kf2  Nxh3+  43. Ke2  Nf4+  44. Kf2  Kg6  45. Rb7  b5  46. Rb6  b4  47. Rb5  Nd5  48. Kg2  Rc3  49. Rb7  b3  50. Kf1  Rf3+  51. Ke2  Rh3  52. Kd1  b2  53. h5+  Kxh5  54. Rxb2  Rh1+  55. Kc2  Rh2+  56. Kb3  Rxb2+  57. Kxb2  g5  58. Kc2  Kh4  59. Kd3  Kh3  60. Ke2  g4  61. Ke1  g3  62. Kf1  Kh2  63. Ke2  g2  64. Kd3  g1=Q  65. Ke4  Qe3#   0-1

[Event "2021 FIDE Online Olympiad"]
[Site "Chess.com"]
[Date "2021.09.04"]
[Round "9"]
[Board "6"]
[White "Hng, Mei-En Emmanuelle"]
[Black "Putar, Lara"]
[Result "0-1"]
[WhiteElo "1634"]
[BlackElo "1516"]
[PlyCount "134"]
[EventDate "2021.09.02"]
[EventType "team"]
[EventRounds "9"]
[EventCountry "FID"]
[WhiteTeam "Singapore"]
[BlackTeam "Ireland"]

1. e4  e6  2. d4  d5  3. Nc3  Bb4  4. e5  c5  5. Bd2  Ne7  6. Nb5  Bxd2+  7. Qxd2  O-O  8. f4  cxd4  9. Nf3  Nf5  10. Bd3  Ne3  11. Nbxd4  Nc4  12. Qc3  Qb6  13. Bxc4  dxc4  14. O-O-O  Qa6  15. Kb1  b5  16. Qb4  Bd7  17. Rhe1  Qb6  18. Qd6  b4  19. Ng5  Qxd6  20. exd6  Nc6  21. Ngf3  Rfd8  22. Ne5  Nxd4  23. Rxd4  Bb5  24. Red1  Rac8  25. b3  cxb3  26. axb3  a5  27. d7  Rc7  28. Rd6  Kf8  29. Kb2  Ke7  30. R6d4  f6  31. Nf3  Rcxd7  32. Rxd7+  Rxd7  33. Ra1  Ra7  34. Nd4  Bd7  35. Re1  Kf7  36. Rd1  e5  37. fxe5  fxe5  38. Nf3  Kf6  39. Rd6+  Be6  40. Rc6  Re7  41. Rc5  e4  42. Nd4  e3  43. Rxa5  Bg4  44. h3  e2  45. Ra6+  Kf7  46. Nxe2  Bxe2  47. Rb6  Re4  48. Rb7+  Kf6  49. Rb6+  Kg5  50. Kc1  Bf1  51. Rb7  Kh6  52. Rb6+  g6  53. Kd2  Bxg2  54. h4  Rxh4  55. c3  bxc3+  56. Kxc3  Bd5  57. b4  Rc4+  58. Kd3  Rf4  59. Rd6  Bc4+  60. Ke3  Kg5  61. Rc6  Bf1  62. Rc5+  Rf5  63. Rc1  h5  64. Rc8  h4  65. Rh8  h3  66. Kd4  Rf4+  67. Kc5  Rh4   0-1

[Event "2021 FIDE Online Olympiad"]
[Site "Chess.com"]
[Date "2021.09.04"]
[Round "9"]
[Board "1"]
[White "Zhakshylykov, Erzhan"]
[Black "Antonios, Johnny"]
[Result "1-0"]
[WhiteElo "1929"]
[BlackElo "2198"]
[PlyCount "65"]
[EventDate "2021.09.02"]
[EventType "team"]
[EventRounds "9"]
[EventCountry "FID"]
[WhiteTeam "Kyrgyzstan"]
[BlackTeam "Lebanon"]

1. d4  Nf6  2. c4  e6  3. Nc3  Bb4  4. Qc2  d5  5. a3  Bxc3+  6. Qxc3  Ne4  7. Qc2  c5  8. dxc5  Nc6  9. Nf3  Qa5+  10. Bd2  Qxc5  11. e3  Nxd2  12. Nxd2  dxc4  13. Bxc4  Ne5  14. b4  Qb6  15. Be2  Bd7  16. Qb2  f6  17. O-O  Bb5  18. Ne4  Bxe2  19. Qxe2  O-O  20. Nc5  Rfd8  21. Rfd1  a5  22. h3  axb4  23. axb4  Rxd1+  24. Rxd1  Qxb4  25. Nxe6  Qc4  26. Qxc4  Nxc4  27. Rd7  Rb8  28. Rxg7+  Kh8  29. Rc7  b5  30. Nc5  Nd2  31. Nd7  Ra8  32. f3  Kg7  33. Nb6+   1-0

[Event "2021 FIDE Online Olympiad"]
[Site "Chess.com"]
[Date "2021.09.04"]
[Round "9"]
[Board "2"]
[White "Salman, Samer"]
[Black "Orozbaev, Eldiar"]
[Result "0-1"]
[WhiteElo "1759"]
[BlackElo "1869"]
[PlyCount "130"]
[EventDate "2021.09.02"]
[EventType "team"]
[EventRounds "9"]
[EventCountry "FID"]
[WhiteTeam "Lebanon"]
[BlackTeam "Kyrgyzstan"]

1. e4  e6  2. d3  d5  3. Qe2  Nf6  4. g3  Nc6  5. Nf3  dxe4  6. dxe4  Bc5  7. Bg2  e5  8. Bg5  h6  9. Bxf6  Qxf6  10. c3  a5  11. Nbd2  O-O  12. h3  b6  13. Qb5  Ba6  14. Qb3  Rfd8  15. O-O-O  Bxf2  16. g4  Be2  17. Rhf1  a4  18. Qa3  Bc5  19. b4  axb3  20. Qxb3  Na5  21. Qb2  Nc4  22. Nxc4  Bxc4  23. Rxd8+  Qxd8  24. Rd1  Qe7  25. Qd2  Kh7  26. g5  Rxa2  27. Qd7  Be3+  28. Kb1  Ra1+  29. Kc2  Ra2+  30. Kb1  Qxd7  31. Rxd7  Rxg2  32. Nxe5  Be6  33. g6+  fxg6  34. Re7  Ba2+  35. Ka1  Bg5  36. Rxc7  Bf6  37. Nd3  Be6  38. e5  Bg5  39. h4  Bxh4  40. Nf4  Rg1+  41. Kb2  Bf5  42. Nd5  Rd1  43. Nf6+  Kh8  44. Ne8  Rd7  45. Rc6  Be7  46. Rxb6  h5  47. e6  Rd8  48. Nc7  h4  49. c4  h3  50. Nd5  h2  51. Nxe7  h1=Q  52. Nd5  Rxd5  53. e7  Rd2+  54. Kc3  Qc1+  55. Kb4  Rb2+  56. Kc5  Qe3+  57. Kd5  Qe4+  58. Kc5  Qe5+  59. Kc6  Qe6+  60. Kc5  Qxb6+  61. Kd5  Qe6+  62. Kc5  Qxe7+  63. Kd5  Rd2+  64. Kc6  Be4+  65. Kb5  Rb2+   0-1

[Event "2021 FIDE Online Olympiad"]
[Site "Chess.com"]
[Date "2021.09.04"]
[Round "9"]
[Board "3"]
[White "Zairbek kyzy, Begimai"]
[Black "Mouradian, Knarik"]
[Result "1/2-1/2"]
[WhiteElo "1649"]
[BlackElo "2148"]
[PlyCount "152"]
[EventDate "2021.09.02"]
[EventType "team"]
[EventRounds "9"]
[EventCountry "FID"]
[WhiteTeam "Kyrgyzstan"]
[BlackTeam "Lebanon"]

1. e4  c5  2. d4  cxd4  3. c3  dxc3  4. Nxc3  Nc6  5. Nf3  a6  6. Bc4  e6  7. O-O  d6  8. Qe2  Be7  9. Rd1  Qc7  10. Be3  Nf6  11. h3  O-O  12. Rac1  b5  13. Bb3  Bb7  14. Nd4  Nxd4  15. Bxd4  Qa5  16. f3  Rfd8  17. Qf2  Nd7  18. a3  b4  19. axb4  Qxb4  20. Bc2  Rac8  21. Ra1  Bf6  22. Be3  Qxb2  23. e5  Qxc3  24. exf6  Qxc2  25. Rd2  Qc3  26. Rb1  Qc7  27. fxg7  Bd5  28. Rb4  Rb8  29. Rh4  Ne5  30. Bg5  Ng6  31. Bxd8  Qxd8  32. Ra4  a5  33. h4  h5  34. Qe3  Rb1+  35. Kh2  Rb4  36. Rd4  Rxa4  37. Rxa4  Kxg7  38. Qd4+  Qf6  39. Qf2  Qe5+  40. Kh3  Nf4+  41. Kh2  Nd3+  42. Qg3+  Qxg3+  43. Kxg3  Ne5  44. Rxa5  Kf6  45. Kf4  Ng6+  46. Kg3  Ke5  47. Ra7  f5  48. Rh7  Nf4  49. Kf2  Kf6  50. g3  Nd3+  51. Ke3  Ne5  52. f4  Ng4+  53. Kd4  Bf3  54. Rxh5  e5+  55. fxe5+  dxe5+  56. Kc3  Nf2  57. Rh6+  Kg7  58. Re6  Ne4+  59. Kc4  Nxg3  60. Rxe5  Bg4  61. Kd5  Kg6  62. Re8  Bf3+  63. Ke5  Bg4  64. Kf4  Nh5+  65. Ke5  Ng7  66. Rg8  Kf7  67. Rb8  Nh5  68. Rb7+  Kg6  69. Rb6+  Kf7  70. Rh6  Ng7  71. Ra6  Nh5  72. Rb6  Kg7  73. Ra6  Kh7  74. Rb6  Kg7  75. Ra6  Kf7  76. Rb6  Kg7   1/2-1/2

[Event "2021 FIDE Online Olympiad"]
[Site "Chess.com"]
[Date "2021.09.04"]
[Round "9"]
[Board "4"]
[White "Jalloul, Maya"]
[Black "Samaganova, Alexandra"]
[Result "1-0"]
[WhiteElo "1876"]
[BlackElo "1948"]
[PlyCount "133"]
[EventDate "2021.09.02"]
[EventType "team"]
[EventRounds "9"]
[EventCountry "FID"]
[WhiteTeam "Lebanon"]
[BlackTeam "Kyrgyzstan"]

1. c4  c5  2. Nc3  Nc6  3. g3  g6  4. Bg2  Bg7  5. Nf3  e6  6. e4  Nge7  7. O-O  O-O  8. d3  h6  9. Be3  Nd4  10. Qd2  Kh7  11. Rac1  Nec6  12. Ne1  d6  13. f4  f5  14. h3  Rb8  15. Bf2  a6  16. exf5  gxf5  17. Nf3  b5  18. Kh2  Qf6  19. b3  Bd7  20. Rfe1  Rfe8  21. Ne2  Nxf3+  22. Bxf3  e5  23. Nc3  bxc4  24. bxc4  Qf7  25. Rb1  Qf8  26. Nd5  Rxb1  27. Rxb1  Rb8  28. Qc1  Rxb1  29. Qxb1  Qb8  30. Qxb8  Nxb8  31. Kg2  Ba4  32. Be2  Kg6  33. Ne7+  Kf6  34. Nc8  Ke6  35. Nb6  Bc6+  36. Bf3  e4  37. dxe4  fxe4  38. Bg4+  Ke7  39. Kf1  Kd8  40. Be1  Nd7  41. Nd5  Bxd5  42. cxd5  Nf6  43. Be6  Ke7  44. Ke2  Ne8  45. Ke3  Nc7  46. Kxe4  Nb5  47. f5  Na3  48. g4  Bf6  49. Bd2  Bg7  50. h4  Nc4  51. Bf4  Ne5  52. g5  hxg5  53. hxg5  Nc4  54. f6+  Bxf6  55. gxf6+  Kxf6  56. Bc8  a5  57. Ba6  Nb6  58. Bxd6  Na4  59. Be5+  Ke7  60. Bb5  Nb6  61. Bc7  Nc8  62. Bc6  Nd6+  63. Bxd6+  Kxd6  64. Kd3  a4  65. a3  Kc7  66. Kc4  Kb6  67. Bxa4   1-0

[Event "2021 FIDE Online Olympiad"]
[Site "Chess.com"]
[Date "2021.09.04"]
[Round "9"]
[Board "5"]
[White "Sezdbekov, Ruslan"]
[Black "Arkadan, Adib"]
[Result "1-0"]
[WhiteElo "2089"]
[BlackElo "1786"]
[PlyCount "73"]
[EventDate "2021.09.02"]
[EventType "team"]
[EventRounds "9"]
[EventCountry "FID"]
[WhiteTeam "Kyrgyzstan"]
[BlackTeam "Lebanon"]

1. e4  c5  2. Nf3  Nc6  3. Bb5  g6  4. O-O  Bg7  5. c3  e5  6. Bxc6  dxc6  7. h3  Nh6  8. d3  f6  9. Be3  b6  10. d4  cxd4  11. cxd4  exd4  12. Nxd4  Bd7  13. Qb3  Qe7  14. Nc3  Nf7  15. Rad1  O-O  16. Rfe1  Kh8  17. Bf4  Ne5  18. Bg3  b5  19. Qc2  Rac8  20. f4  Nc4  21. b3  Na3  22. Qb2  b4  23. Nb1  Nxb1  24. Qxb1  c5  25. Nf3  Be6  26. e5  f5  27. Rd6  Bg8  28. Red1  c4  29. bxc4  Bxc4  30. Qxb4  Be2  31. Bh4  Qf7  32. Rd7  Qxa2  33. R1d2  Qa1+  34. Kh2  Bxf3  35. Qe7  Rg8  36. Bf6  Qxe5  37. Bxe5   1-0

[Event "2021 FIDE Online Olympiad"]
[Site "Chess.com"]
[Date "2021.09.04"]
[Round "9"]
[Board "6"]
[White "Assoum, Nour"]
[Black "Abaeva, Aiana"]
[Result "1-0"]
[WhiteElo "1400"]
[BlackElo "1340"]
[PlyCount "67"]
[EventDate "2021.09.02"]
[EventType "team"]
[EventRounds "9"]
[EventCountry "FID"]
[WhiteTeam "Lebanon"]
[BlackTeam "Kyrgyzstan"]

1. e4  c5  2. Nf3  d6  3. d4  cxd4  4. Nxd4  Nf6  5. Nc3  a6  6. Bg5  e6  7. Bd3  Be7  8. h3  Qc7  9. Qf3  Nbd7  10. Rc1  O-O  11. O-O  b5  12. a3  Bb7  13. Qe3  Nb6  14. Nce2  Nc4  15. Bxc4  Qxc4  16. Ng3  Rfe8  17. b3  Qc7  18. c4  bxc4  19. Rxc4  Qd7  20. Rfc1  Rac8  21. Bxf6  Bxf6  22. Nh5  Be7  23. Nf3  f6  24. Nf4  Bf8  25. Rxc8  Rxc8  26. Rd1  d5  27. exd5  Bxd5  28. Nxd5  exd5  29. b4  Qc6  30. Nd4  Qb7  31. Qe6+  Kh8  32. Nf5  Rd8  33. Nh6  Rd7  34. Qg8#   1-0

[Event "2021 FIDE Online Olympiad"]
[Site "Chess.com"]
[Date "2021.09.04"]
[Round "9"]
[Board "1"]
[White "Zeng, Chongsheng"]
[Black "Kuybokarov, Temur"]
[Result "1/2-1/2"]
[WhiteElo "2499"]
[BlackElo "2134"]
[PlyCount "93"]
[EventDate "2021.09.02"]
[EventType "team"]
[EventRounds "9"]
[EventCountry "FID"]
[WhiteTeam "Shenzhen China"]
[BlackTeam "Australia"]

1. d4  Nf6  2. c4  g6  3. g3  Bg7  4. Bg2  O-O  5. Nc3  d6  6. Nf3  c6  7. O-O  Bf5  8. Ne1  e5  9. d5  cxd5  10. Nxd5  Nxd5  11. Bxd5  Nc6  12. Nc2  Rc8  13. Bg2  Bxc2  14. Qxc2  Na5  15. b3  b5  16. Bd2  bxc4  17. Qc3  Nc6  18. Qxc4  Nd4  19. Qa6  Qb6  20. Qd3  f5  21. Be3  Rc3  22. Bxd4  exd4  23. Bd5+  Kh8  24. Qd2  Qc5  25. Bc4  d5  26. Bd3  f4  27. Rad1  Be5  28. Kg2  Kg7  29. Qb2  a5  30. a3  Rb8  31. b4  axb4  32. axb4  Rxb4  33. Qd2  Rb7  34. Rb1  Rf7  35. Rb5  Qd6  36. Ra5  Qf6  37. Rxd5  f3+  38. Kg1  Qe6  39. Rb5  Bf4  40. Qd1  Rc1  41. Qa4  fxe2  42. Rxc1  Bxc1  43. Qxd4+  Kh6  44. Qh4+  Kg7  45. Qd4+  Kh6  46. Qh4+  Kg7  47. Qd4+   1/2-1/2

[Event "2021 FIDE Online Olympiad"]
[Site "Chess.com"]
[Date "2021.09.04"]
[Round "9"]
[Board "2"]
[White "Ly, Moulthun"]
[Black "Yu, Ruiyuan"]
[Result "1/2-1/2"]
[WhiteElo "2502"]
[BlackElo "2506"]
[PlyCount "53"]
[EventDate "2021.09.02"]
[EventType "team"]
[EventRounds "9"]
[EventCountry "FID"]
[WhiteTeam "Australia"]
[BlackTeam "Shenzhen China"]

1. d4  d5  2. c4  c6  3. Nf3  Nf6  4. Nc3  dxc4  5. a4  e6  6. e3  c5  7. Bxc4  cxd4  8. exd4  Nc6  9. O-O  Be7  10. Bf4  O-O  11. Re1  Bd7  12. d5  exd5  13. Nxd5  Nxd5  14. Bxd5  Bb4  15. Re4  a5  16. Ne5  Nxe5  17. Bxe5  Bc6  18. Rg4  g6  19. Rd4  Qe7  20. Bxc6  bxc6  21. Bd6  Bxd6  22. Rxd6  Rad8  23. Rd2  Qg5  24. Rd6  Rfe8  25. g3  Rxd6  26. Qxd6  Re2  27. Qxc6   1/2-1/2

[Event "2021 FIDE Online Olympiad"]
[Site "Chess.com"]
[Date "2021.09.04"]
[Round "9"]
[Board "3"]
[White "Zhao, Xue"]
[Black "Ryjanova, Julia"]
[Result "1-0"]
[WhiteElo "2442"]
[BlackElo "2242"]
[PlyCount "103"]
[EventDate "2021.09.02"]
[EventType "team"]
[EventRounds "9"]
[EventCountry "FID"]
[WhiteTeam "Shenzhen China"]
[BlackTeam "Australia"]

1. e4  c6  2. d4  d5  3. e5  Bf5  4. Nf3  e6  5. Be2  Nd7  6. O-O  h6  7. Nbd2  Ne7  8. a4  a5  9. c4  dxc4  10. Nxc4  Nd5  11. Bd3  Bxd3  12. Qxd3  Be7  13. Nfd2  N7b6  14. Qg3  O-O  15. b3  Kh7  16. Ne4  f5  17. exf6  Nxf6  18. Qd3  Kh8  19. Ne5  Kg8  20. Ng6  Re8  21. Nxe7+  Qxe7  22. Ba3  Qd8  23. Nc5  Rb8  24. Rfe1  Kf7  25. Re2  Nbd5  26. Qf3  b6  27. Nd3  Kg8  28. Rc1  Rc8  29. Rec2  Ne7  30. Bxe7  Rxe7  31. Ne5  Rec7  32. Rxc6  Rxc6  33. Rxc6  Rxc6  34. Qxc6  Qxd4  35. Qxe6+  Kh8  36. g3  Ne4  37. Nf7+  Kh7  38. Qf5+  Kg8  39. Kg2  Nd2  40. Qe6  Kh7  41. Nd6  Qd3  42. g4  Nxb3  43. Ne4  Kh8  44. Qe8+  Kh7  45. g5  hxg5  46. Qh5+  Kg8  47. Qe8+  Kh7  48. Nxg5+  Kh6  49. Nf7+  Kh7  50. Qh8+  Kg6  51. Ne5+  Kf5  52. Nxd3   1-0

[Event "2021 FIDE Online Olympiad"]
[Site "Chess.com"]
[Date "2021.09.04"]
[Round "9"]
[Board "4"]
[White "Nguyen, Thu Giang"]
[Black "Xu, Tong"]
[Result "0-1"]
[WhiteElo "2119"]
[BlackElo "2111"]
[PlyCount "144"]
[EventDate "2021.09.02"]
[EventType "team"]
[EventRounds "9"]
[EventCountry "FID"]
[WhiteTeam "Australia"]
[BlackTeam "Shenzhen China"]

1. e4  c5  2. Nf3  Nc6  3. Bb5  d6  4. O-O  Bd7  5. Re1  e6  6. c3  Nf6  7. d4  cxd4  8. cxd4  d5  9. exd5  Nxd5  10. Nc3  Nxc3  11. bxc3  Be7  12. Qd3  O-O  13. Bxc6  Bxc6  14. Ne5  Rc8  15. Re3  Qd5  16. Rg3  Qe4  17. Qxe4  Bxe4  18. Bh6  Bg6  19. Nxg6  hxg6  20. Bd2  Rc4  21. Kf1  b5  22. Rb1  a6  23. Ke2  Rfc8  24. Kd3  Ra4  25. Rb2  Ra3  26. f4  Bd6  27. Rf3  b4  28. Kc2  a5  29. h3  Be7  30. g4  Bf6  31. Rd3  bxc3  32. Bxc3  Bxd4  33. Rxd4  Rcxc3+  34. Kb1  Rc8  35. Rb3  Rxb3+  36. axb3  Rc3  37. Kb2  Rxh3  38. Rd8+  Kh7  39. Rd7  f6  40. Re7  Re3  41. f5  gxf5  42. gxf5  e5  43. Ra7  Rf3  44. Rxa5  Rxf5  45. b4  Rf4  46. Kc3  Rf1  47. Ra2  Rd1  48. Rd2  Ra1  49. b5  Ra8  50. b6  Rb8  51. Rb2  g5  52. Kc4  g4  53. Kd5  Kg6  54. Kc6  Kg5  55. Kc7  Rh8  56. b7  g3  57. Rd2  f5  58. Kd6  Rb8  59. Kc7  Rxb7+  60. Kxb7  f4  61. Kc6  f3  62. Rd3  e4  63. Rd5+  Kf4  64. Kd6  g2  65. Ke6  g1=Q  66. Rf5+  Ke3  67. Ke5  Qg3+  68. Kf6  Qh4+  69. Ke5  Qe7+  70. Kd5  Qd7+  71. Ke5  Qxf5+  72. Kxf5  f2   0-1

[Event "2021 FIDE Online Olympiad"]
[Site "Chess.com"]
[Date "2021.09.04"]
[Round "9"]
[Board "5"]
[White "Xue, Haowen"]
[Black "Winkelman, Albert"]
[Result "1-0"]
[WhiteElo "2128"]
[BlackElo "2257"]
[PlyCount "117"]
[EventDate "2021.09.02"]
[EventType "team"]
[EventRounds "9"]
[EventCountry "FID"]
[WhiteTeam "Shenzhen China"]
[BlackTeam "Australia"]

1. e4  e5  2. Nf3  Nc6  3. Bc4  Nf6  4. Ng5  d5  5. exd5  Na5  6. d3  Bg4  7. f3  Bf5  8. Qe2  Bd6  9. Nc3  O-O  10. Nge4  Bb4  11. Bg5  Be7  12. Nxf6+  Bxf6  13. Bxf6  Qxf6  14. O-O-O  c6  15. Rhe1  Rfe8  16. Kb1  cxd5  17. Bxd5  Nc6  18. Ne4  Qd8  19. Bxc6  bxc6  20. Qe3  Qd5  21. c4  Qd7  22. g4  Bg6  23. h4  Qe7  24. h5  Bxe4  25. dxe4  Rab8  26. Re2  Rb4  27. Rc2  Reb8  28. h6  gxh6  29. Qxh6  a5  30. Qd6  Qxd6  31. Rxd6  Rc8  32. a3  Rb3  33. Rc3  Rxc3  34. bxc3  Kg7  35. g5  a4  36. c5  Rb8+  37. Kc2  Rc8  38. Kd3  Kf8  39. Kc4  Ke7  40. Rh6  Rg8  41. Rxh7  Rxg5  42. Rh6  f6  43. Rh7+  Kd8  44. Rf7  Rg6  45. Kb4  Ke8  46. Rc7  Rg3  47. Rxc6  Rxf3  48. Kxa4  Rf4  49. Kb5  Kd7  50. a4  Rxe4  51. Rxf6  Re3  52. c6+  Ke7  53. c7  Kd7  54. Rf7+  Kc8  55. c4  Rh3  56. a5  e4  57. a6  Rh5+  58. c5  Rh1  59. a7   1-0

[Event "2021 FIDE Online Olympiad"]
[Site "Chess.com"]
[Date "2021.09.04"]
[Round "9"]
[Board "6"]
[White "Middleton, Jody"]
[Black "Li, Xinyu"]
[Result "0-1"]
[WhiteElo "1850"]
[BlackElo "2167"]
[PlyCount "114"]
[EventDate "2021.09.02"]
[EventType "team"]
[EventRounds "9"]
[EventCountry "FID"]
[WhiteTeam "Australia"]
[BlackTeam "Shenzhen China"]

1. d4  d5  2. c4  e6  3. Nc3  a6  4. cxd5  exd5  5. Nf3  c6  6. Bg5  Be7  7. Bxe7  Nxe7  8. e3  Bf5  9. Qb3  Qc8  10. Nh4  Bg6  11. Nxg6  hxg6  12. Be2  Nd7  13. Na4  Qc7  14. h3  Nf5  15. Bg4  Nf6  16. O-O-O  O-O  17. Qc2  Nd6  18. Nc5  Nde4  19. Nxe4  dxe4  20. Be2  Rac8  21. g4  c5  22. d5  Qe5  23. Qd2  Rfd8  24. f4  exf3  25. Bxf3  c4  26. Kc2  Ne4  27. Qd4  Qxd4  28. Rxd4  Nd6  29. e4  f6  30. h4  Kf7  31. Rf1  Ke7  32. Re1  Nf7  33. Bg2  Ne5  34. g5  Kd6  35. Rdd1  Rh8  36. Rh1  Rcf8  37. Rdf1  Ng4  38. Rf3  Ne5  39. Rf4  b5  40. gxf6  gxf6  41. Bh3  Rh7  42. Be6  g5  43. hxg5  Rxh1  44. gxf6  Rh2+  45. Kd1  Rh6  46. f7  Rh7  47. Rf6  Ke7  48. Rf5  Nxf7  49. Bxf7  Rhxf7  50. Re5+  Kd8  51. Kc2  Rf2+  52. Kc3  R8f3+  53. Kd4  Rxb2  54. Kc5  c3  55. Kd6  Rf6+  56. Kc5  c2  57. Kd4  c1=Q   0-1

[Event "2021 FIDE Online Olympiad"]
[Site "Chess.com"]
[Date "2021.09.04"]
[Round "9"]
[Board "1"]
[White "Rahman, Ziaur"]
[Black "Bersamina, Paulo"]
[Result "1/2-1/2"]
[WhiteElo "2537"]
[BlackElo "2286"]
[PlyCount "59"]
[EventDate "2021.09.02"]
[EventType "team"]
[EventRounds "9"]
[EventCountry "FID"]
[WhiteTeam "Bangladesh"]
[BlackTeam "Philippines"]

1. Nf3  Nf6  2. d4  g6  3. g3  Bg7  4. Bg2  O-O  5. c4  d6  6. Nc3  Nc6  7. O-O  e5  8. dxe5  dxe5  9. Bg5  h6  10. Qxd8  Rxd8  11. Bxf6  Bxf6  12. Nd5  Kg7  13. Nxc7  Rb8  14. e4  Bg4  15. Nd5  Bxf3  16. Bxf3  Be7  17. Rab1  a5  18. Kg2  Bc5  19. Bd1  Nb4  20. a3  Nxd5  21. cxd5  f5  22. Bc2  Kf6  23. b4  axb4  24. axb4  Bd6  25. exf5  gxf5  26. g4  fxg4  27. f3  gxf3+  28. Rxf3+  Ke7  29. Rh3  Rh8  30. Bf5   1/2-1/2

[Event "2021 FIDE Online Olympiad"]
[Site "Chess.com"]
[Date "2021.09.04"]
[Round "9"]
[Board "2"]
[White "Laylo, Darwin"]
[Black "Reefat, Bin-Sattar"]
[Result "1-0"]
[WhiteElo "2337"]
[BlackElo "2415"]
[PlyCount "57"]
[EventDate "2021.09.02"]
[EventType "team"]
[EventRounds "9"]
[EventCountry "FID"]
[WhiteTeam "Philippines"]
[BlackTeam "Bangladesh"]

1. d4  e6  2. c4  b6  3. Nf3  Bb7  4. a3  g6  5. Nc3  Bg7  6. g3  Ne7  7. Bg2  O-O  8. O-O  d5  9. Ne5  c5  10. cxd5  Nxd5  11. Nxd5  Bxd5  12. e4  Bb7  13. Be3  f6  14. Nf3  Nd7  15. d5  exd5  16. exd5  Qe8  17. Qb3  Qf7  18. Rad1  Rad8  19. Bh3  Kh8  20. Be6  Qe8  21. Rfe1  g5  22. Qc2  Qh5  23. Qf5  h6  24. Nh4  Ne5  25. Bf4  Nf3+  26. Nxf3  Qxf3  27. Rd3  Qh5  28. Bc7  Rde8  29. Rde3   1-0

[Event "2021 FIDE Online Olympiad"]
[Site "Chess.com"]
[Date "2021.09.04"]
[Round "9"]
[Board "3"]
[White "Sultana, Sharmin Shirin"]
[Black "Villa, Ma. Elayza"]
[Result "0-1"]
[WhiteElo "2084"]
[BlackElo "1468"]
[PlyCount "146"]
[EventDate "2021.09.02"]
[EventType "team"]
[EventRounds "9"]
[EventCountry "FID"]
[WhiteTeam "Bangladesh"]
[BlackTeam "Philippines"]

1. d4  d5  2. c4  e6  3. Nc3  Nf6  4. Bg5  Be7  5. e3  c6  6. Nf3  Nbd7  7. Rc1  O-O  8. Qc2  h6  9. Bh4  dxc4  10. Bxc4  b5  11. Be2  a6  12. O-O  c5  13. Rfd1  cxd4  14. Nxd4  Bb7  15. Bf3  Qb6  16. Qe2  Bxf3  17. Nxf3  Rfd8  18. e4  b4  19. Na4  Qa5  20. b3  Ne5  21. Nd4  Rac8  22. Rxc8  Rxc8  23. h3  Ng6  24. Bg3  Nf8  25. Nf3  Nh5  26. Bh2  Bg5  27. Nxg5  Qxg5  28. Qxa6  Rc1  29. Qe2  Nf4  30. Bxf4  Qxf4  31. Rxc1  Qxc1+  32. Kh2  Nd7  33. g3  Ne5  34. Kg2  Qc6  35. Nb2  Qc3  36. f4  Nc6  37. Nc4  Nd4  38. Qd1  g6  39. Kf2  Kg7  40. e5  Nf5  41. Qf3  Qa1  42. Qe2  Qh1  43. Ne3  Qh2+  44. Ke1  Qxg3+  45. Kd2  Qxf4  46. Qd3  Qxe5  47. Nxf5+  Qxf5  48. Qd4+  e5  49. Qxb4  Qxh3  50. a4  Qg2+  51. Kc3  Qf3+  52. Kb2  Qe2+  53. Ka3  Qd1  54. Qc3  Qd6+  55. b4  h5  56. a5  h4  57. Ka4  Qd7+  58. b5  h3  59. Qxe5+  f6  60. Qf4  Qd1+  61. Kb4  Qe1+  62. Kc5  Qxa5  63. Kc6  Qc3+  64. Kb7  Qe5  65. Qg4  h2  66. Qd7+  Kh6  67. Qh3+  Qh5  68. Qe3+  g5  69. Qe7  h1=Q+  70. Ka7  Qg1+  71. b6  Qg6  72. Qf8+  Qg7+  73. Qxg7+  Kxg7   0-1

[Event "2021 FIDE Online Olympiad"]
[Site "Chess.com"]
[Date "2021.09.04"]
[Round "9"]
[Board "4"]
[White "Fronda, Jan Jodilyn"]
[Black "Parveen, Tanima"]
[Result "1-0"]
[WhiteElo "2045"]
[BlackElo "1987"]
[PlyCount "111"]
[EventDate "2021.09.02"]
[EventType "team"]
[EventRounds "9"]
[EventCountry "FID"]
[WhiteTeam "Philippines"]
[BlackTeam "Bangladesh"]

1. e4  e5  2. Nf3  Nc6  3. d4  exd4  4. Nxd4  Bc5  5. Nxc6  bxc6  6. Nd2  d6  7. Nb3  Bb6  8. a4  a5  9. Qf3  Ne7  10. Qg3  Ng6  11. h4  O-O  12. Bd2  Qe7  13. f3  Qe5  14. Qxe5  Nxe5  15. O-O-O  Be6  16. Bc3  Rfb8  17. Nd4  Bd7  18. Be2  Re8  19. g4  Ng6  20. h5  Nf4  21. Bc4  d5  22. Ne2  Nxe2+  23. Bxe2  Rad8  24. Bd3  d4  25. Bd2  c5  26. b3  c6  27. Bf4  Be6  28. Ba6  Re7  29. h6  Ra7  30. Bd3  g6  31. Rhg1  c4  32. Bxc4  Bxc4  33. bxc4  Bc5  34. Kd2  d3  35. Rgf1  Rad7  36. cxd3  Rxd3+  37. Ke2  Rxd1  38. Rxd1  Rxd1  39. Kxd1  Kf8  40. Bd2  Bb6  41. Ke2  Ke7  42. Be3  Bc7  43. Bc5+  Ke6  44. Ke3  f5  45. exf5+  gxf5  46. g5  Kf7  47. f4  Kg6  48. Bd4  Kf7  49. Be5  Bb6+  50. Kd3  Kg6  51. Bd6  Kf7  52. c5  Bd8  53. Kd4  Ke6  54. g6  hxg6  55. h7  Bf6+  56. Be5   1-0